000 00605nam a22002417a 4500
003 UA-OsUOA
001 29623
007 ta
008 20041015b un ||||| |||| 00| 0 ukr d
100 _aВ'язовський Г. М.
090 _a82.09(477)
_bВ99
942 _cBK
040 _aUA-OsUOA
_bukr
_cUA-OsUOA
_dUA-OsUOA
245 _aТворче мислення письменника
_bДослідження
300 _a335 с.
955 _a0
041 _aukr
080 _a82.09(477)
260 _aКиїв
_bДніпро
_c1982
044 _aUA
650 7 _2UDC
999 _c316016
_d316016